000
00326nam a22001457a 4500
008
230317b ||||| |||| 00| 0 eng d
020
_a
9780393934236
041
_a
eng
080
_2
2EDITION
_a
330.10
082
_a
330.10JON
100
_a
23
101
_a
MACRO
245
_a
MACRO ECONOMICS
_c
JONES.I.CH
942
_2
udc
_c
BK
999
_c
59376
_d
59376